Statistiques concernant Personnalités nées dans les Alpes-Maritimes par images

Cliquez ici pour prendre le quiz!

Statistiques générales

  • Ce quiz a été pris 72 fois
  • Le résultat moyen est 8 sur 20

Statistiques - réponses

Réponse% Correct
Simone Veil
95%
Hugo Lloris
84%
Jenifer
72%
Eugénie Le Sommer
69%
Nekfeu
69%
Éric Ciotti
66%
Christian Estrosi
59%
Michèle Laroque
59%
Fabio Quartararo
53%
Alizé Cornet
45%
Johann Zarco
38%
Johan Micoud
36%
Dick Rivers
34%
Nora Hamzawi
13%
Giuseppe Garibaldi
8%
Gérard Philippe
6%
Jacques Toubon
5%
Jean Honoré Fragonard
2%
Sylvie Retailleau
2%
Benjamin Sportouch
0%

Distribution des résultats

Percentile par nombre de réponses

% des personnes avec chaque résultat

Votre développement - résultats

Vous n’avez pas pris ce quiz